[Event "24th Panevezys Open"]
[Site "Panevezys LTU"]
[Date "2011.08.14"]
[Round "8.7"]
[White "Vanagas,T"]
[Black "Beinoraite,V"]
[Result "1/2-1/2"]
[WhiteElo "2081"]
[BlackElo "2001"]

1.d4 d5 2.c4 c6 3.Nf3 Nf6 4.Nc3 e6 5.e3 Nbd7 6.Qc2 Bd6 7.g4 dxc4 8.Bxc4 Nd5
9.e4 N5b6 10.Be2 Qc7 11.Be3 e5 12.O-O-O exd4 13.Nxd4 Bf4 14.Qd2 Bxe3 15.Qxe3 O-O
16.f4 Re8 17.Kb1 Nf6 18.e5 Nfd5 19.Nxd5 Nxd5 20.Qf3 Qa5 21.Bd3 Nb4 22.Bc4 c5
23.Nb3 Qxa2+ 24.Kc1 Be6 25.Bxe6 fxe6 26.Rd7 c4 27.Qxb7 Nd3+ 28.Kd1 Qb1+ 29.Ke2 Qxb2+
30.Kd1 Qxb3+ 31.Qxb3 cxb3 32.Rxd3 Red8 33.Ke2 Rxd3 34.Kxd3 a5 35.Kc3 a4 36.Rd1 Ra7
37.f5 Kf7 38.Kb2 Ke7 39.Ka3 exf5 40.gxf5 Ra5 41.Rg1 Kf7 42.Re1 Ra7 43.Re4 Rb7
44.Re2 Rb5 45.Kb2 Kf8 46.Ka3 b2 47.Rxb2 Rxe5 48.Kxa4 Rxf5 49.Kb4 Rd5 50.Kc4 Rd1
51.Kc3 Kf7 52.Rd2 Rxd2 53.Kxd2 Kf6 54.Ke3 Kg5 55.Kf3 Kh4 56.Kg2 Kg4 57.Kh1 Kh3
58.Kg1 h5 59.Kh1 g5 60.Kg1 Kg4 61.Kg2 h4 62.h3+ Kf4 63.Kf2 Ke4 64.Ke2 Kf4
65.Kf2 Ke4 66.Ke2 Kf4 67.Kf2  1/2-1/2

[Event "50th World Juniors"]
[Site "Chennai IND"]
[Date "2011.08.15"]
[Round "13"]
[White "Sapozhnikov,R"]
[Black "Shyam,SM"]
[Result "1/2-1/2"]
[WhiteElo "2295"]
[BlackElo "2478"]

1.d4 d5 2.c4 c6 3.Nf3 Nf6 4.Nc3 e6 5.e3 Nbd7 6.Qc2 Bd6 7.b3 O-O 8.Be2 Qe7
9.O-O b6 10.Bb2 Bb7 11.e4 dxe4 12.Nxe4 Nxe4 13.Qxe4 Nf6 14.Qh4 c5 15.Rad1 Rad8
16.dxc5 Bxc5 17.Ne5 h6 18.Rd3 Rxd3 19.Nxd3 Ba3 20.Ba1 Bd6 21.Ne5 Rd8 22.Rd1 Kf8
23.Qd4 Bc7 24.Qe3 Bd6 25.Qd4 Qc7 26.Kf1 Be7 27.Qe3 Rxd1+ 28.Bxd1 Qd6 29.Bf3 Ne4
30.Ke2 Bg5 31.Qd4 Qxd4 32.Bxd4 Ke8 33.Nd3 f6 34.Bxe4  1/2-1/2

[Event "26th Universiade Men"]
[Site "Shenzhen CHN"]
[Date "2011.08.15"]
[Round "2.23"]
[White "Surya,W"]
[Black "Goh Koon Jong,J"]
[Result "1-0"]
[WhiteElo "2222"]
[BlackElo "2415"]

1.d4 d5 2.Nf3 c6 3.c4 Nf6 4.Nc3 e6 5.e3 Nbd7 6.Qc2 Bd6 7.Bd3 O-O 8.O-O dxc4
9.Bxc4 a6 10.e4 e5 11.Rd1 Qc7 12.h3 b5 13.Bf1 Bb7 14.dxe5 Nxe5 15.Nd4 Ned7
16.Nf5 Be5 17.g3 Rae8 18.Bg2 c5 19.Nd5 Nxd5 20.exd5 Qb8 21.a4 g6 22.Nh6+ Kh8
23.axb5 axb5 24.Ng4 Bg7 25.Bf4 Qc8 26.Ra5 f5 27.Ne3 Rf6 28.Bf1 h6 29.h4 Qd8
30.Rxb5 Ba6 31.Rb3 Re4 32.Bg2 Rd4 33.d6 Rf8 34.Ra1 c4 35.Rba3 Nc5 36.Rxa6 Nxa6
37.Rxa6 g5  1-0

[Event "10th Lichtenberger Sommer"]
[Site "Berlin GER"]
[Date "2011.08.16"]
[Round "4.36"]
[White "Krueger,Ek"]
[Black "Kutzner,S"]
[Result "0-1"]
[WhiteElo "1878"]
[BlackElo "2089"]

1.d4 Nf6 2.c4 e6 3.Nf3 d5 4.Nc3 c6 5.e3 Nbd7 6.Bd3 dxc4 7.Bxc4 b5 8.Bd3 a6
9.O-O c5 10.dxc5 Nxc5 11.Bc2 Bb7 12.Qe2 Be7 13.b4 Nce4 14.Nxe4 Nxe4 15.Bb2 Bf6
16.Rfd1 Qe7 17.Bxe4 Bxe4 18.Bxf6 Qxf6 19.Nd2 Bc2 20.Re1 O-O 21.Rac1 Rac8
22.Nf3 Be4 23.Nd4 Qg6 24.f3 Bd3 25.Qd2 Bc4 26.Qb2 Qf6 27.Rc2 Rfd8 28.Nb3 Qxb2
29.Rxb2 Bxb3 30.axb3 Rc3 31.Kf2 Rdd3 32.Ra2 Rxb3 33.Rxa6 Rd2+ 34.Re2 Rxe2+
35.Kxe2 Kf8 36.e4 Rxb4 37.e5 Rb2+ 38.Ke3 g6 39.g4 Rxh2 40.Ra8+ Kg7 41.Rb8 Rb2
42.g5 b4 43.Rb7 b3 44.f4 Rb1 45.Kd2 b2 46.Kc2 Rf1 47.Rb4 b1=Q+ 48.Rxb1 Rxb1
49.Kxb1 h5 50.gxh6+ Kxh6 51.Kc2 g5 52.fxg5+ Kxg5 53.Kd3 Kf4 54.Kd4 Kf5  0-1

[Event "Botvinnik 100th Open"]
[Site "St Petersburg RUS"]
[Date "2011.08.16"]
[Round "5"]
[White "Elkin,L"]
[Black "Martynenko,Al"]
[Result "1-0"]
[WhiteElo "2159"]
[BlackElo "2015"]

1.d4 d5 2.c4 c6 3.Nf3 Nf6 4.Nc3 e6 5.e3 Nbd7 6.Qc2 Bd6 7.Bd3 Qe7 8.O-O O-O
9.e4 dxe4 10.Nxe4 Nxe4 11.Bxe4 h6 12.Re1 Nf6 13.Bd3 Qd7 14.Ne5 Qc7 15.Bf4 c5
16.dxc5 Qxc5 17.Qe2 b6 18.Rad1 Rd8 19.Bb1 Bb7 20.b4 Qc7 21.a3 Rac8 22.Bg3 Bxe5
23.Bxe5 Qc6 24.f3 Ba6 25.Bxf6 gxf6 26.Qe3 Rxd1 27.Rxd1 Qxc4 28.Qxh6 Qc7 29.Bh7+ Kh8
30.Bd3+ Kg8 31.Bxa6 Rd8 32.Rxd8+ Qxd8 33.Qe3  1-0

[Event "Botvinnik 100th Open"]
[Site "St Petersburg RUS"]
[Date "2011.08.16"]
[Round "5"]
[White "Fokin,A"]
[Black "Kopasov,E"]
[Result "0-1"]
[WhiteElo "1855"]
[BlackElo "2064"]

1.d4 d5 2.c4 e6 3.Nc3 c6 4.e3 Nf6 5.Nf3 Nbd7 6.a3 Bd6 7.b4 O-O 8.Bb2 Re8
9.Qb3 Qe7 10.Be2 dxc4 11.Bxc4 e5 12.O-O e4 13.Ng5 Rf8 14.Be2 Nb6 15.Nh3 Ng4
16.Bxg4 Bxg4 17.Nf4 g5 18.Nfe2 Be6 19.d5 Bxd5 20.Nxd5 Nxd5 21.Nd4 Be5 22.Rac1 a6
23.Qd1 f5 24.Qh5 Qf6 25.Rcd1 Rf7 26.g3 Rg7 27.Kh1 g4 28.h3 Rg5 29.Qh4 Qg6
30.hxg4 fxg4 31.Kg2 Rh5 32.Rh1 Rxh4 33.Rxh4 Rf8 34.Rdh1 Qf6 35.Rf1 Nxe3+  0-1

[Event "Metalmex Open"]
[Site "Liberec CZE"]
[Date "2011.08.17"]
[Round "5.13"]
[White "Jina,L"]
[Black "Tejkal,J"]
[Result "0-1"]
[WhiteElo "1868"]
[BlackElo "1936"]

1.d4 d5 2.Nf3 Nf6 3.e3 c6 4.c4 e6 5.Nc3 Nbd7 6.Bd3 dxc4 7.Bxc4 b5 8.Bb3 a6
9.O-O Bb7 10.Qe2 c5 11.dxc5 Nxc5 12.Rd1 Qc7 13.h3 Nxb3 14.axb3 Be7 15.Bd2 O-O
16.Rac1 Qb6 17.Be1 Rfd8 18.Nd4 Rac8 19.Nf3 Nd5 20.Nxd5 Bxd5 21.Nd4 Bf6 22.Rxc8 Rxc8
23.b4 e5 24.Nf3 Qe6 25.Bc3 h6 26.Ne1 Bb3 27.Rd2 Qf5 28.Qg4 Qxg4 29.hxg4 e4
30.Bxf6 gxf6 31.f3 Rc4 32.Rd6 Rxb4 33.Rxa6 Be6 34.Nc2 Rxb2 35.Nd4 exf3 36.gxf3 Bc4
37.Rxf6 Kg7 38.Rb6 Bd3 39.e4 Bc4 40.Nf5+ Kg8 41.Nxh6+ Kh7 42.Nf5 b4 43.Rh6+ Kg8
44.Rh2 Rxh2 45.Kxh2 b3  0-1

[Event "Botvinnik 100th Open"]
[Site "St Petersburg RUS"]
[Date "2011.08.17"]
[Round "6"]
[White "Kuznetsov,N"]
[Black "Kornyukov,A"]
[Result "0-1"]
[WhiteElo "2299"]
[BlackElo "2485"]

1.d4 d5 2.c4 e6 3.Nf3 c6 4.e3 Nf6 5.Nc3 Nbd7 6.Qc2 Bd6 7.Be2 dxc4 8.Bxc4 a6
9.a4 O-O 10.O-O Qe7 11.Qb3 b5 12.Bd3 b4 13.Ne4 c5 14.Nxd6 Qxd6 15.Be2 a5
16.Rd1 Bb7 17.dxc5 Nxc5 18.Qa2 Qe7 19.Ne5 Rfd8 20.Bd2 Rd5 21.Nc4 Rad8 22.Be1 Rxd1
23.Rxd1 Rxd1 24.Bxd1 Qd7 25.Be2 Qd5 26.f3 Nd3 27.Qa1 Nxe1 28.Qxe1 Ba6 29.b3 Nd7
30.Kf2 Kf8 31.Qc1 Qc5  0-1

[Event "10th Lichtenberger Sommer"]
[Site "Berlin GER"]
[Date "2011.08.18"]
[Round "6.53"]
[White "Ziems,M"]
[Black "Baranowsky,P"]
[Result "0-1"]
[WhiteElo "1795"]
[BlackElo "1989"]

1.d4 d5 2.c4 e6 3.Nc3 Nf6 4.Nf3 c6 5.e3 Nbd7 6.Be2 dxc4 7.Bxc4 b5 8.Bd3 Bb7
9.O-O a6 10.Qe2 c5 11.dxc5 Nxc5 12.Bc2 Nce4 13.Rd1 Qb6 14.Bd2 Be7 15.Nd4 O-O
16.Be1 Rac8 17.Rac1 Rfd8 18.Bb1 Nxc3 19.Bxc3 b4 20.Be1 Bc5 21.Nf3 a5 22.Rxd8+ Rxd8
23.Qc4 Rc8 24.Qh4 h6 25.Ne5 Rd8 26.Nc4 Qc6 27.Qh3 Qb5 28.b3 Rd5 29.e4 Rd4
30.e5 Ng4 31.Qh4 Qc6 32.Qg3 Bb6 33.h3 Nxe5 34.Bd2 Rxd2  0-1

[Event "12th Miquel Mas Open"]
[Site "Figueres ESP"]
[Date "2011.08.18"]
[Round "9.1"]
[White "Oms Pallisse,J"]
[Black "Vishnu,P"]
[Result "1/2-1/2"]
[WhiteElo "2489"]
[BlackElo "2340"]

1.d4 d5 2.Nf3 Nf6 3.c4 c6 4.Nc3 e6 5.e3 Nbd7 6.Qc2 Bd6 7.Bd3 O-O 8.O-O dxc4
9.Bxc4 b5 10.Be2 Bb7 11.Rd1 Qb8 12.e4 e5 13.Bg5 Re8 14.dxe5 Bxe5 15.Nxe5 Qxe5
16.Be3 b4 17.Na4 Qxe4 18.Bd3 Qh4 19.Bf5 Ne5 20.Rd4 Neg4 21.Bf4 Ba6 22.Bg3 Qg5
23.Qc5 Rad8 24.Rxg4 Qh5 25.h3 Rd5 26.Qxc6 Qxf5 27.Rxb4 Bb5 28.Qc7 Ne4 29.Re1 h6
30.Nc3 Nxc3 31.Qxc3 Rxe1+ 32.Qxe1 a6 33.Kh2 Qd7 34.Qc3 Rd1 35.Rg4 f6 36.a4 Rd3
37.Qc5 Bc6 38.Qc4+ Qd5 39.Qxd5+ Bxd5 40.Rb4 Rb3 41.Rd4 Bc6 42.Rc4 Bd7 43.Rd4 Bc6
44.Rd6 Bxa4 45.Rxa6 Bb5 46.Ra2 Bc4 47.Ra8+ Kh7 48.Rc8 Bd3 49.Rd8 Kg6 50.Bf4 Bc4
51.Rd2 Be6 52.Be3 h5 53.Bd4 Kf7 54.Bc3 Rb5 55.b4 Rd5 56.Bd4 g5 57.Kg3 Kg6
58.Kf3 f5 59.Ke3 Bd7 60.f4 Rd6 61.g3 g4 62.h4 Bb5 63.Rc2 Rc6 64.Ra2 Ra6 65.Rxa6+ Bxa6
66.Bh8 Kf7 67.Kd4 Ke6 68.Kc5 Bb7 69.Bb2 Be4 70.b5 Bf3 71.Bc3 Be4 72.Be5 Bf3
73.Kc4 Be4 74.Kb4 Bf3 75.Bb2 Be4 76.Bd4 Bf3 77.Bf2 Be4 78.Be1 Bf3 79.Kc5 Be4
80.Kb6 Kd7 81.Bb4 Bf3 82.Ka6 Be2 83.Kb6 Bf3 84.Kc5 Ke6 85.Kb6 Kd7 86.Ka7 Kc8
87.Bc3  1/2-1/2

[Event "12th Miquel Mas Open"]
[Site "Figueres ESP"]
[Date "2011.08.18"]
[Round "9.5"]
[White "Houriez,C"]
[Black "Lillo Castay,V"]
[Result "1/2-1/2"]
[WhiteElo "2328"]
[BlackElo "2281"]

1.Nf3 d5 2.d4 Nf6 3.c4 c6 4.e3 e6 5.Nc3 Nbd7 6.Qc2 b6 7.Be2 Bb7 8.O-O Be7
9.e4 dxe4 10.Nxe4 c5 11.Nxf6+ Nxf6 12.dxc5 Bxc5 13.b4 Be7 14.Bf4 O-O 15.Rfd1 Qc8
16.Bd6 Bxd6 17.Rxd6 Qc7 18.Rdd1 Rfd8 19.Qb2 h6 20.Qe5 Qe7 21.a3 Rxd1+ 22.Rxd1 a5
23.Qd6 Qxd6 24.Rxd6 axb4 25.axb4 Ra1+ 26.Rd1 Ra4 27.b5 Bxf3 28.gxf3 Ra8 29.Rd6 Rb8
30.Rc6 Kf8 31.f4 Nd7 32.Rc7 Ke7 33.Bf3 Kd6 34.Rc6+ Ke7 35.Rc7 Kd8 36.Ra7 Rc8
37.Bc6 Rc7 38.Ra6 Ke7 39.Kg2 Nb8 40.Rxb6 Nxc6 41.bxc6 Kd6 42.h4 Rxc6 43.Rb7 Rxc4
44.Rxf7 g5  1/2-1/2

[Event "Malaysian Open"]
[Site "Kuala Lumpur MAS"]
[Date "2011.08.18"]
[Round "2.37"]
[White "Loh,Zachary"]
[Black "Ong,Way"]
[Result "1/2-1/2"]
[WhiteElo "1769"]
[BlackElo "2041"]

1.d4 d5 2.c4 c6 3.Nf3 Nf6 4.e3 e6 5.Nc3 Nbd7 6.Bd3 dxc4 7.Bxc4 b5 8.Bd3 Bb7
9.O-O a6 10.a4 Be7 11.Qe2 Qb8 12.Rd1 O-O 13.e4 e5 14.Bc2 b4 15.Nb1 Bd6 16.h3 a5
17.Bg5 exd4 18.Bxf6 Nxf6 19.Nxd4 Bh2+ 20.Kh1 Be5 21.Bb3 c5 22.Nf3 Bxe4 23.Nbd2 Bxb2
24.Nxe4 Bxa1 25.Rxa1 Nxe4 26.Qxe4 Qd8 27.Ne5 c4 28.Qxc4 Qe7 29.Qf4 Rae8 30.Nf3 g6
31.Re1 Qa7 32.Rxe8 Rxe8 33.Ng5 Re7 34.Qh4 h5 35.Nf3 Kg7 36.Qd4+ Qxd4 37.Nxd4 Re1+
38.Kh2 Rb1 39.Kg3 Kf6 40.Kf3 Rb2 41.Ke3 Rb1 42.g3 Rc1 43.Bc2 g5 44.Be4 Rc3+
45.Kd2 Ke5 46.Nb5 Kxe4 47.Nxc3+ bxc3+ 48.Kxc3 Kf3 49.Kc4 g4 50.hxg4 hxg4
51.Kb5 Kxf2 52.Kxa5 Kxg3 53.Kb5 Kh2 54.a5 g3 55.a6 g2 56.a7 g1=Q 57.a8=Q Qb1+
58.Kc5 Qf5+ 59.Kd4 Qf4+ 60.Qe4 Qf2+ 61.Ke5 Kg3 62.Qf5 Qb2+ 63.Ke4 Qe2+ 64.Kd5 Qf3+
65.Qxf3+ Kxf3 66.Ke5 Kg4 67.Kf6  1/2-1/2

[Event "Manhattan Open"]
[Site "New York USA"]
[Date "2011.08.18"]
[Round "2"]
[White "Arias,M"]
[Black "Mulyar,M"]
[Result "0-1"]
[WhiteElo "2090"]
[BlackElo "2410"]

1.d4 d5 2.c4 c6 3.Nc3 Nf6 4.Nf3 e6 5.e3 Nbd7 6.Be2 Bd6 7.O-O O-O 8.b3 b6
9.Bb2 Bb7 10.Qc2 c5 11.cxd5 exd5 12.dxc5 bxc5 13.Rac1 Rc8 14.Rfd1 Qe7 15.Qb1 Rfd8
16.Qa1 a6 17.Re1 Qe6 18.Na4 Bf8 19.Bd3 Ne4 20.Nc3 Ndf6 21.Nxe4 Nxe4 22.Re2 c4
23.Nd4 Qg6 24.Bxe4 Qxe4 25.Rec2 h5 26.Re2 Be7 27.Nf3 d4 28.Bxd4 cxb3 29.Rxc8 Rxc8
30.axb3 Qg6 31.Ne1 Bb4 32.f4 Be4 33.Rf2 h4 34.Nf3 Bxf3 35.Rxf3 Bd2 36.f5 Qg5
37.Qxa6 Rc1+ 38.Rf1 Bxe3+ 39.Bxe3 Qxe3+ 40.Kh1 Qf4 41.Kg1 Qe3+ 42.Kh1 h3
43.gxh3 Qe4+ 44.Kg1 Qd4+ 45.Kh1 Qd5+ 46.Kg1 Qd4+ 47.Kh1 Qe4+ 48.Kg1 Rc2 49.Rf2 Qe1+
50.Qf1 Qe3 51.Kg2 Qg5+ 52.Kh1 Rc1 53.Qxc1 Qxc1+ 54.Kg2 Qg5+ 55.Kf1 Qe3 56.Kg2 Qxb3
57.Rf3 Qd5 58.Kg3 Kf8 59.Rf1 Ke7 60.Re1+ Kf6 61.Rf1 Qe5+ 62.Kg2 Kg5 63.Rf2 Kh4
64.Rf3 Qe4 65.Kf2 Qc2+ 66.Kg1 f6 67.Kh1 Qd1+ 68.Kg2 Qxf3+ 69.Kxf3 Kxh3 70.Ke4 Kxh2
71.Kf4 Kh3  0-1

[Event "26th Universiade Women"]
[Site "Shenzhen CHN"]
[Date "2011.08.18"]
[Round "5"]
[White "Cheremnova,T"]
[Black "Borosova,Z"]
[Result "0-1"]
[WhiteElo "2213"]
[BlackElo "2310"]

1.d4 d5 2.c4 c6 3.Nc3 Nf6 4.Nf3 e6 5.e3 Nbd7 6.Qc2 b6 7.cxd5 exd5 8.Bd3 Bb7
9.O-O Be7 10.b3 O-O 11.Ne5 Qc7 12.f4 g6 13.Bb2 a5 14.Rf3 Rfc8 15.Rg3 Ba6
16.Bxg6 fxg6 17.Nxg6 hxg6 18.Qxg6+ Kf8 19.Rh3 Bb4 20.f5 Re8 21.e4 Bxc3 22.Bxc3 dxe4
23.d5 Ke7 24.Qg7+ Kd8 25.Bxf6+ Nxf6 26.Qxf6+ Qe7 27.Qg6 Qc5+ 28.Kh1 Qxd5
29.f6 Ra7 30.Rh5 Qf7 31.Rd1+ Bd3 32.Qf5 Rd7 33.Rg5 e3 34.Qf4 Kc8 35.Rg7 e2
36.Re1 Qe6  0-1

[Event "26th Universiade Men"]
[Site "Shenzhen CHN"]
[Date "2011.08.18"]
[Round "5"]
[White "Bulski,K"]
[Black "Papin,V"]
[Result "1/2-1/2"]
[WhiteElo "2479"]
[BlackElo "2565"]

1.d4 d5 2.c4 e6 3.Nc3 c6 4.e3 Nf6 5.Nf3 Nbd7 6.Bd3 dxc4 7.Bxc4 b5 8.Bd3 Bd6
9.O-O O-O 10.Qc2 Bb7 11.a3 Rc8 12.h3 a6 13.Ng5 h6 14.Nge4 Be7 15.b4 e5 16.Nc5 Qc7
17.Bb2 exd4 18.exd4 Nb6 19.Rfe1 Rfd8 20.Rad1 Ra8 21.Qe2 Bf8 22.Qf3 Nfd5 23.Nxd5 Nxd5
24.Nb3 g6 25.Rc1 Rd6 26.Qg3 Rad8 27.Be4 Qb6 28.Re2 Re6  1/2-1/2

[Event "26th Universiade Men"]
[Site "Shenzhen CHN"]
[Date "2011.08.18"]
[Round "6"]
[White "Melkumyan,H"]
[Black "Benidze,D"]
[Result "1-0"]
[WhiteElo "2600"]
[BlackElo "2514"]

1.d4 Nf6 2.c4 e6 3.Nc3 d5 4.Nf3 c6 5.e3 Nbd7 6.Qc2 dxc4 7.Bxc4 b5 8.Bd3 Bb7
9.O-O a6 10.Ne4 Nxe4 11.Bxe4 Rc8 12.a4 Nf6 13.Bd3 b4 14.Qe2 a5 15.e4 Be7
16.e5 Nd7 17.Qe4 Qb6 18.Qg4 g6 19.Bh6 c5 20.Bb5 Bc6 21.dxc5 Bxc5 22.Bxc6 Rxc6
23.Rad1 Qc7 24.Qh4 Be7 25.Qe4 Rc5 26.Rc1 g5 27.Qa8+ Qd8 28.Qb7 Qb6 29.Qe4 Qc7
30.Rcd1 Qc6 31.Qb1 Bf8 32.Bxg5 h6 33.Bh4 Rg8 34.Qd3 Qxa4 35.Nd4 Rg4 36.b3 Rxd4
37.Qxd4 Qc6 38.Rd2 Rd5 39.Qe4 Be7 40.Bxe7 Kxe7 41.Rc2 Nc5 42.Qh4+ Ke8 43.Qxh6 a4
44.Qh8+ Ke7 45.Qf6+ Ke8 46.bxa4 Qxa4 47.Qh8+ Ke7 48.Rcc1 b3 49.Qb8 Nd7 50.Rc7 Rd2
51.Qh8 Qf4 52.g3 Qg5 53.h4 Qf5 54.Qf6+ Qxf6 55.exf6+ Kxf6 56.Rb1 Rd3 57.Kf1 e5
58.Rc4 Kf5 59.g4+ Ke6 60.Ke2 Rh3 61.f3 Rxh4 62.Rxb3 Ke7 63.Rc7 Rh6 64.Rd3 Rd6
65.Ra7 Rxd3 66.Kxd3 Ke6 67.Ra6+ Kd5 68.Ke3 f6 69.f4  1-0

[Event "Botvinnik 100th Open"]
[Site "St Petersburg RUS"]
[Date "2011.08.18"]
[Round "7"]
[White "Fokin,A"]
[Black "Irinchinov,V"]
[Result "1-0"]
[WhiteElo "1855"]
[BlackElo "2067"]

1.d4 d5 2.c4 c6 3.Nf3 Nf6 4.Nc3 e6 5.e3 Nbd7 6.a3 Bd6 7.b4 O-O 8.Bb2 Ne4
9.Nxe4 dxe4 10.Nd2 f5 11.Qb3 Nf6 12.g3 Bd7 13.Bg2 Qe8 14.O-O Qh5 15.Qd1 Qh6
16.Qe2 Ng4 17.h3 Nf6 18.Rfd1 Bc7 19.Rac1 Be8 20.Re1 Rd8 21.Rc2 Bb8 22.Nf1 Bh5
23.Qd2 e5 24.Qc1 f4 25.dxe5 f3 26.exf6 fxg2 27.Nh2 gxf6 28.Kxg2 Rd3 29.Bd4 Rd8
30.Qb2 f5 31.a4 Rd7 32.a5 Kf7 33.b5 Qg6 34.bxc6 Qxc6 35.Qb5 Qe6 36.a6 b6
37.Qb2 Qg6 38.Qb5 R7xd4 39.exd4 Bxg3 40.Qd7+  1-0

[Event "10th Lichtenberger Sommer"]
[Site "Berlin GER"]
[Date "2011.08.19"]
[Round "7.42"]
[White "Junge,Wolfgang"]
[Black "Rosebrock,T"]
[Result "1/2-1/2"]
[WhiteElo "1776"]
[BlackElo "1934"]

1.d4 d5 2.c4 c6 3.Nf3 Nf6 4.Nc3 e6 5.e3 Nbd7 6.Bd3 dxc4 7.Bxc4 b5 8.Bd3 Bb7
9.O-O a6 10.Qe2 c5 11.dxc5 Nxc5 12.Bc2 Bd6 13.h3 O-O 14.Rd1 Qc7 15.Bd2 Rac8
16.Rac1 Qb6 17.e4 b4 18.e5 Bxf3 19.gxf3 Bxe5 20.Qxe5 bxc3 21.Bxc3 Qb7 22.Qg3  1/2-1/2

[Event "10th Lichtenberger Sommer"]
[Site "Berlin GER"]
[Date "2011.08.19"]
[Round "7.70"]
[White "Kapp,S"]
[Black "Lasschuit,R"]
[Result "1-0"]
[WhiteElo "1991"]
[BlackElo "1862"]

1.d4 d5 2.c4 e6 3.Nc3 c6 4.e3 Nf6 5.Nf3 Bd6 6.Be2 O-O 7.O-O Nbd7 8.c5 Bc7
9.b4 e5 10.b5 e4 11.Nd2 b6 12.bxc6 Nb8 13.Ba3 bxc5 14.Bxc5 Bd6 15.Bxd6 Qxd6
16.f3 exf3 17.Bxf3 Nxc6 18.Nb3 Re8 19.Re1 Ne4 20.Bxe4 dxe4 21.Nc5 f5 22.Nb5 Qe7
23.Qb3+ Kh8 24.Qd5 Bb7 25.Nxb7 Qxb7 26.Nd6  1-0

[Event "SS Manhem GM"]
[Site "Gothenburg SWE"]
[Date "2011.08.19"]
[Round "7"]
[White "Smith,Ax"]
[Black "Hansen,SuB"]
[Result "1/2-1/2"]
[WhiteElo "2465"]
[BlackElo "2574"]

1.d4 d5 2.c4 c6 3.Nc3 Nf6 4.e3 e6 5.Nf3 Nbd7 6.Bd3 dxc4 7.Bxc4 b5 8.Bd3 b4
9.Ne4 Bb7 10.Nxf6+ Nxf6 11.e4 Be7 12.O-O h6 13.Qe2 c5 14.Bb5+ Kf8 15.e5 Nd5
16.a3 a6 17.Bd3 Qb6 18.dxc5  1/2-1/2

[Event "Metalmex Open"]
[Site "Liberec CZE"]
[Date "2011.08.19"]
[Round "7.7"]
[White "Kucera,P3"]
[Black "Vaclavicek,L"]
[Result "1-0"]
[WhiteElo "2181"]
[BlackElo "1807"]

1.d4 d5 2.Nf3 Nf6 3.c4 c6 4.Nc3 e6 5.e3 Nbd7 6.Qc2 Be7 7.b3 O-O 8.Bd3 h6
9.O-O b6 10.Bb2 Bb7 11.Rfe1 Rc8 12.Qe2 dxc4 13.Bxc4 c5 14.Red1 cxd4 15.Nxd4 Rc5
16.e4 Kh8 17.f4 Qa8 18.e5 Nd5 19.Nxd5 Bxd5 20.Ba3 Bxc4 21.bxc4 Rxe5 22.fxe5 Bxa3
23.Kh1 Nc5 24.Nb5 Bb4 25.a3 Ba5 26.Rf1 a6 27.Nd6 Bc3 28.Rac1 Bxe5 29.Nxf7+ Rxf7
30.Rxf7 Bf6 31.Rd1  1-0

[Event "Manhattan Open"]
[Site "New York USA"]
[Date "2011.08.19"]
[Round "4"]
[White "Bonin,J"]
[Black "Wang,K"]
[Result "1/2-1/2"]
[WhiteElo "2323"]
[BlackElo "2192"]

1.d4 d5 2.Nf3 Nf6 3.c4 e6 4.Nc3 c6 5.e3 Nbd7 6.Qc2 b6 7.cxd5 cxd5 8.Bd3 Bb7
9.O-O Be7 10.Bd2 O-O 11.Rac1 a6 12.Ne5 Rc8 13.f3 h6 14.Nxd7 Qxd7 15.Qb3 b5
16.Ne2 Rxc1 17.Rxc1 Rc8 18.Bb4 Bd8 19.Rxc8 Qxc8 20.Qc2 Qxc2 21.Bxc2 Nd7 22.Nc1 a5
23.Bd6 Bc6 24.Kf2 f6 25.Bg6 e5 26.Nd3 exd4 27.exd4 Nf8 28.Bf5 Kf7 29.Nf4 Be7
30.Bxe7 Kxe7 31.b4 axb4 32.Nd3 b3 33.axb3 Bd7 34.g4 Be8 35.Nb4 Kd6 36.f4 g5
37.Ke3 Bd7 38.Bxd7 Nxd7 39.f5 Nb6 40.Kd3 Nc8 41.Kc3 Ne7 42.Kb2 Kc7 43.Kc3 Kd6
44.Nc2  1/2-1/2

[Event "26th Universiade Women"]
[Site "Shenzhen CHN"]
[Date "2011.08.19"]
[Round "7"]
[White "Muzychuk,M"]
[Black "Dolzhikova,K"]
[Result "1-0"]
[WhiteElo "2469"]
[BlackElo "2326"]

1.d4 d5 2.c4 c6 3.Nc3 Nf6 4.Nf3 e6 5.e3 Nbd7 6.Qc2 Bd6 7.Bd3 dxc4 8.Bxc4 b5
9.Be2 Bb7 10.O-O O-O 11.Rd1 Qe7 12.e4 e5 13.Bg5 Rfd8 14.dxe5 Nxe5 15.Nh4 Qe6
16.Nf5 Bc5 17.Be3 Bxe3 18.Nxe3 a6 19.f4 Ned7 20.Bf3 Rac8 21.e5 Nd5 22.Ncxd5 cxd5
23.Qf2 Nc5 24.Bg4 Qb6 25.Nxd5 Bxd5 26.Bxc8 Qc6 27.Bg4 Ne4 28.Qe3 g6 29.Rac1 Qb7
30.Bf3 f5 31.exf6 Nxf6 32.Bxd5+ Rxd5 33.Rxd5 Nxd5 34.Qd4 Ne7 35.Rd1 Kf7 36.Qh8 Qb6+
37.Kh1 h5 38.Qh7+ Kf6 39.Re1 Nf5 40.Qh8+ Kf7 41.Qe8+ Kg7 42.Re6  1-0

[Event "Botvinnik 100th Open"]
[Site "St Petersburg RUS"]
[Date "2011.08.19"]
[Round "8"]
[White "Klimentiev,Sergey"]
[Black "Bazeev,G"]
[Result "0-1"]
[WhiteElo "1698"]
[BlackElo "2312"]

1.d4 d5 2.c4 e6 3.Nf3 Nf6 4.Nc3 c6 5.e3 Nbd7 6.Bd3 dxc4 7.Bxc4 b5 8.Bd3 h6
9.a4 b4 10.Ne4 c5 11.a5 Bb7 12.Nxf6+ gxf6 13.O-O Bd6 14.Re1 Rg8 15.e4 cxd4
16.Nxd4 Ne5 17.h3 Bc5 18.Nxe6 fxe6 19.Qh5+ Rg6 20.Bc2 Qe7 21.Bf4 Qf7 22.Qe2 Qg7
23.Qh5 O-O-O 24.Be3 Rxg2+ 25.Kf1 Bxe3  0-1

[Event "13th Sants Open"]
[Site "Barcelona ESP"]
[Date "2011.08.20"]
[Round "2"]
[White "Gavilan Diaz,M"]
[Black "Cuartas,Ja"]
[Result "0-1"]
[WhiteElo "2266"]
[BlackElo "2542"]

1.d4 d5 2.c4 c6 3.Nf3 Nf6 4.Nc3 e6 5.e3 Nbd7 6.Qc2 Bd6 7.Bd3 O-O 8.O-O dxc4
9.Bxc4 a6 10.e4 e5 11.h3 b5 12.Bd3 c5 13.dxe5 Nxe5 14.Nxe5 Bxe5 15.Be3 c4
16.Be2 Bb7 17.Rfd1 Qe7 18.Nd5 Nxd5 19.exd5 Qf6 20.Rab1 Bc8 21.g4 Re8 22.Kg2 Bd6
23.Bf3 h5 24.Rh1 Bd7 25.Rbd1 Rac8 26.g5 Qg6 27.Qe2 Bf4 28.h4 Bxe3 29.fxe3 Bg4
30.Bxg4 hxg4 31.Rd4 c3 32.d6 cxb2 33.e4 Rcd8 34.d7 Re7 35.Qxg4 Qc6 36.Qe2 Rexd7
37.Rxd7 Rxd7 38.Rb1 Rd4 39.Rxb2 Rxe4 40.Qf3 Rg4+ 41.Kf2 Qc5+ 42.Ke2 Qc4+  0-1

[Event "ch-FRA Accession"]
[Site "Caen FRA"]
[Date "2011.08.20"]
[Round "5.7"]
[White "Benitah,Y"]
[Black "Ouakhir,M"]
[Result "1-0"]
[WhiteElo "2392"]
[BlackElo "2234"]

1.d4 d5 2.c4 c6 3.Nc3 e6 4.e3 Nf6 5.Nf3 Nbd7 6.Bd3 dxc4 7.Bxc4 b5 8.Bd3 a6
9.e4 c5 10.d5 Bb7 11.O-O Qb6 12.Bc2 Be7 13.a4 O-O 14.axb5 axb5 15.Rxa8 Bxa8
16.dxe6 fxe6 17.Bg5 h6 18.Bh4 c4 19.Qe2 Bc5 20.Rd1 Rf7 21.Rd2 Bc6 22.Qd1 Nh7
23.Nd4 Nhf8 24.Nxc6 Qxc6 25.Bg3 Nf6 26.e5 N6d7 27.h3 b4 28.Be4 Qb6 29.Na4 Qa7
30.Bc6 b3 31.Bb5 Bb4 32.Rd4 Nc5 33.Rxc4 Nxa4 34.Rxb4 Nxb2 35.Qxb3 Qa1+ 36.Kh2 Nd1
37.f4 Ra7 38.Bc4 Ra3 39.Qb1 Qc3 40.Rb3 Rxb3 41.Qxb3 Qxb3 42.Bxb3 Ne3 43.Bf2 Nf5
44.g4 Ne7 45.Bc5 Kf7 46.Kg3 g6 47.Kf3 Nd7 48.Bd6 Nb6 49.Ke4 Nbd5 50.f5 gxf5+
51.gxf5  1-0

[Event "Malaysian Open"]
[Site "Kuala Lumpur MAS"]
[Date "2011.08.20"]
[Round "4.11"]
[White "Dao Thien Hai"]
[Black "Lim Yee Weng"]
[Result "1-0"]
[WhiteElo "2492"]
[BlackElo "2253"]

1.d4 d5 2.c4 c6 3.Nf3 Nf6 4.Nc3 e6 5.e3 Nbd7 6.Qc2 Bd6 7.g4 dxc4 8.Bxc4 b6
9.e4 Bb7 10.g5 Nh5 11.Be3 b5 12.Be2 g6 13.a3 a5 14.e5 Bf8 15.Ne4 Rc8 16.Nc5 Qc7
17.Qc3 Nxc5 18.dxc5 Rd8 19.Nd2 Rd5 20.f4 h6 21.Bxh5 gxh5 22.Ne4 Be7 23.Nd6+ Kf8
24.gxh6 b4 25.axb4 Bh4+ 26.Bf2 Qe7 27.Bxh4 Qxh4+ 28.Qg3  1-0

[Event "Malaysian Open"]
[Site "Kuala Lumpur MAS"]
[Date "2011.08.20"]
[Round "4.25"]
[White "Chen,Yibo"]
[Black "Gasanov,E"]
[Result "1/2-1/2"]
[WhiteElo "2152"]
[BlackElo "2472"]

1.d4 Nf6 2.Nf3 e6 3.c4 d5 4.Nc3 c6 5.e3 Nbd7 6.Qc2 Bd6 7.Bd3 O-O 8.O-O dxc4
9.Bxc4 b5 10.Be2 Bb7 11.Rd1 Qc7 12.h3 b4 13.Na4 c5 14.dxc5 Rac8 15.c6 Bxc6
16.Nd4 Bh2+ 17.Kf1 Bb7 18.Qxc7 Bxc7 19.Bd2 a5 20.a3 Bd6  1/2-1/2

[Event "Malaysian Open"]
[Site "Kuala Lumpur MAS"]
[Date "2011.08.20"]
[Round "4.14"]
[White "Yu Lie"]
[Black "Nguyen Thi Mai Hung"]
[Result "1-0"]
[WhiteElo "2414"]
[BlackElo "2276"]

1.d4 d5 2.c4 c6 3.Nf3 Nf6 4.Nc3 e6 5.e3 Nbd7 6.Qc2 Bd6 7.Bd3 O-O 8.O-O b6
9.e4 dxc4 10.Bxc4 e5 11.Rd1 Qe7 12.h3 Bb7 13.Bg5 h6 14.Nh4 exd4 15.Ng6 Qd8
16.Rxd4 hxg5 17.Rxd6 b5 18.Bb3 Re8 19.e5 Nd5 20.Nxd5 cxd5 21.Qf5 fxg6 22.Qxd7 Qc8
23.Re1 a6 24.Qxc8 Raxc8 25.Rxg6 Kh7 26.Rxg5 d4 27.Bf7 g6 28.Bxe8 Rxe8 29.Rg4 Rd8
30.e6 d3 31.e7 d2 32.exd8=Q dxe1=Q+ 33.Kh2 Qe5+ 34.f4 Qe4 35.Rh4+ Kg7 36.Qh8+ Kf7
37.Rh7+ Ke6 38.Qe8+ Kd5 39.Qb8 Kc5 40.Rxb7 Kc4 41.Rc7+ Kb4 42.Qf8+ Ka5 43.Qa3+ Kb6
44.Qd6+ Ka5 45.b4+ Ka4 46.Qd1+ Kxb4 47.Qb3+ Ka5 48.Qa3+ Kb6 49.Qd6+ Ka5 50.Rc3 b4
51.Rc5+  1-0

[Event "Malaysian Open"]
[Site "Kuala Lumpur MAS"]
[Date "2011.08.20"]
[Round "4.17"]
[White "Jia,H"]
[Black "Tan,Ju2"]
[Result "0-1"]
[WhiteElo "2369"]
[BlackElo "2161"]

1.d4 d5 2.c4 c6 3.Nf3 Nf6 4.Nc3 e6 5.e3 Nbd7 6.Qc2 Bd6 7.Bd3 O-O 8.O-O dxc4
9.Bxc4 a6 10.a4 c5 11.Rd1 Qc7 12.dxc5 Bxc5 13.Bd3 h6 14.Bd2 Bd6 15.Rac1 Qb8
16.h3 Rd8 17.Ne4 Nxe4 18.Bxe4 Nf6 19.Bc3 Bd7 20.Bxb7 Bxa4 21.Qxa4 Qxb7 22.Ne5 Rac8
23.Nc4 Be7 24.Rxd8+ Bxd8 25.Rd1 Be7 26.Ra1 Ne4 27.Bd4 Bc5 28.Na5 Qd5 29.Nb3 Bf8
30.f3 Rc2 31.Nc5 Rc4 32.Nxe4 Rxa4 33.Rxa4 e5 34.Nc3 Qd6 35.Ba7 Qc6 36.e4 Qb7
37.Be3 Qxb2 38.Nd5 Qb5 39.Ra1 a5 40.Kh2 a4 41.Bc1 Qb3 42.Bd2 a3 43.Bc3 f6
44.Re1 Bc5 45.Rc1 a2 46.Ba1 Bd4 47.Rc8+ Kh7  0-1